000 01043nam a22003134i 4500
001 768714001
003 CO-MdFUSB
005 20251106101114.0
007 ta
008 180425t2018 ck ||||g |||| 00| 0 spa d
020 _a9789584264695
020 _a9584264699
040 _aCO-MdFUSB
_bspa
_cCO-MdFUSB
_dCO-MdFUSB
_erda
041 _aspa
082 _224
_a362.88
_bD437a
100 _aRoux, Francisco de
_eautor
245 0 3 _aLa audacia de la paz imperfecta
_c/ Francisco de Roux
264 1 _aBogotá, Colombia :
_bAriel,
_c℗2018
264 4 _c©2018
300 _a201 páginas
_c24 cm
_b:
336 _2rdacontent
_atexto
_btxt
337 _2rdamedia
_asin mediación
_bn
338 _2rdacarrier
_avolumen
_bnc
505 _aParar la guerra, construir la paz -- La dejación de la armas -- El deber moral de la paz -- Más allá del miedo -- El desarrollo de la esperanza -- Preguntas de sobremesa
563 _aRústico
650 0 _9147
_aReconciliación
_bAspectos políticos
_zColombia
942 _cBK
945 _aJTF-925
999 _c64294
_d64294